Skills for consumer success

Skills for Consumer Success provides the users with information about their roles in the marketplace and how to sharpen their consumer skills. The text presents the process of opening a checking account, renting an apartment, applying for credit, looking for a job, buying a car, and paying taxes. St...

Descripció completa

Guardat en:
Dades bibliogràfiques
Autor principal: Donnelly, Mary Queen
Format: Llibre
Idioma:Undetermined
Publicat: Australia Thomson/South-Western 2005
Matèries:
Etiquetes: Afegir etiqueta
Sense etiquetes, Sigues el primer a etiquetar aquest registre!
Thư viện lưu trữ: Trung tâm Học liệu Trường Đại học Cần Thơ
LEADER 01042nam a2200229Ia 4500
001 CTU_100348
008 210402s9999 xx 000 0 und d
020 |c 364000 
082 |a 428.24 
082 |b D685 
100 |a Donnelly, Mary Queen 
245 0 |a Skills for consumer success 
245 0 |c Mary Queen Donnelly 
260 |a Australia 
260 |b Thomson/South-Western 
260 |c 2005 
520 |a Skills for Consumer Success provides the users with information about their roles in the marketplace and how to sharpen their consumer skills. The text presents the process of opening a checking account, renting an apartment, applying for credit, looking for a job, buying a car, and paying taxes. Students learn the activities necessary for financial management and independence as they work through the text. 
650 |a English language 
650 |x Textbooks for foreign speakers 
904 |i Giang 
910 |a Sách kèm đĩa có số: AV.000474 
980 |a Trung tâm Học liệu Trường Đại học Cần Thơ